000
00285nam a2200109Ia 4500
008
190216s9999||||xx |||||||||||||| ||und||
100
_a
Bankmen Faculty Council
245
0
_a
Practical Problems In Banking Law And Practice
260
_b
Premier Book Co
650
_a
Commerce
942
_c
BK
999
_c
4825
_d
4825